| 000 | 02070cam a22005534a 4500 | ||
|---|---|---|---|
| 999 |
_c1097 _d1097 |
||
| 001 | 5307442 | ||
| 003 | OSt | ||
| 005 | 20210624064107.0 | ||
| 006 | m d | ||
| 008 | 060113s2005 njuab 001 0 eng | ||
| 010 | _a 2004027312 | ||
| 020 | _a013150293X | ||
| 020 | _a9780131502932 | ||
| 020 | _a0131502956 | ||
| 020 | _a9780131502956 | ||
| 020 | _a0131502964 | ||
| 020 | _a9780131502963 | ||
| 020 | _a0131090283 | ||
| 020 | _a9780131090286 | ||
| 020 | _a0131409417 | ||
| 020 | _a9780131409415 | ||
| 035 |
_a(OCoLC)62892526 _z(OCoLC)829335832 _z(OCoLC)992253555 _z(OCoLC)1016415976 _z(OCoLC)1105727080 |
||
| 035 | _aucoclc62892526 | ||
| 035 | _a5307442 | ||
| 040 |
_aCLU _beng _cCLU _dCLU _dOCLCF _dOCLCQ _dMUX _dOCLCQ _dU@J |
||
| 050 | 4 |
_aQH308.2 _b.F73 2005 Vol.2 C2 |
|
| 082 | 0 | 0 |
_a570 _222 |
| 100 | 1 |
_aFreeman, Scott, _d1955- |
|
| 245 | 1 | 0 |
_aBiological science / _cScott Freeman ; contributors, Healy Hamilton [and others]. |
| 250 | _a2nd ed. | ||
| 260 |
_aUpper Saddle River, N.J. : _bPearson Prentice Hall, _c�2005. |
||
| 300 |
_a3 volumes : _bcolor illustrations, color maps ; _c29 cm + _estudy guide (vi, 461 pages : illustrations ; 29 cm) + 1 CD-ROM (4 3/4 in.) |
||
| 336 |
_atext _btxt _2rdacontent |
||
| 337 |
_aunmediated _bn _2rdamedia |
||
| 338 |
_avolume _bnc _2rdacarrier |
||
| 500 | _aIncludes index. | ||
| 500 | _aAccompanied by Biological science : study guide. 2nd ed. / Warren Burggren ; with Brian Bagatto, Jay Brewster, Laurel Hester. | ||
| 505 | 0 | _av. 1. The cell, genetics, and development -- v. 2. Evolution, diversity, and ecology -- v. 3. How plants and animals work. | |
| 538 | _aSystem requirements for accompanying disc: Computer workstation and CD-ROM drive. | ||
| 650 | 0 | _aBiology. | |
| 650 | 7 |
_aBiology. _2fast _0(OCoLC)fst00832383 |
|
| 700 | 1 | _aHamilton, Healy. | |
| 700 | 1 | 2 |
_aBurggren, Warren W. _tBiological science : study guide. |
| 910 | _aUclaCollMgr MonosBKS20032006 20210419 | ||
| 910 |
_acmh 060113 _acmh 060113 |
||
| 910 | _aMARS | ||
| 942 |
_2lcc _cBK _nMM |
||
| 949 | _a5307442 | ||